| 000 | 00350nam a2200145Ia 4500 | ||
|---|---|---|---|
| 999 |
_c10468 _d10468 |
||
| 003 | OSt | ||
| 005 | 20220412162646.0 | ||
| 008 | 220318s9999 xx 000 0 und d | ||
| 020 | _a9781119546214 | ||
| 082 | _a720.14 | ||
| 100 | _aIlloniemi | ||
| 245 | 4 | _aThe Identity of the Architecture: Culture and Communication | |
| 260 | _bWiley | ||
| 942 | _2ddc | ||